Normal view
MARC view
- KEPING,YU
Entry Personal Name
001 - CONTROL NUMBER
- control field: 86507
003 - CONTROL NUMBER IDENTIFIER
- control field: NUST
005 - DATE AND TIME OF LATEST TRANSACTION
- control field: 20211213123548.0
008 - FIXED-LENGTH DATA ELEMENTS
- fixed length control field: 211213|| aca||aabn | a|a d
040 ## - CATALOGING SOURCE
- Original cataloging agency: NUST
- Transcribing agency: NUST
100 ## - HEADING--PERSONAL NAME
- Personal name: KEPING,YU
670 ## - SOURCE DATA FOUND
- Source citation: Work cat.: (NUST): KEPING,YU , China : modernizing state governance, 2018.
